000
00283nam a2200109Ia 4500
008
190911s9999||||xx |||||||||||||| ||und||
100
_a
Leland L. Beck
245
0
_a
System Software An Introduction To Systems Programming
260
_a
USA
_b
Pearson
_c
1999
300
_a
480
942
_c
BK
999
_c
6696
_d
6696